Регионална библиотека "Любен Каравелов" - Русе

Съчинения (Запис номер 46648)

MARC детайли
000 -Лидер
Контролно поле с фиксирана дължина 01880nam a2200421 a 4500
001 - Контролен номер на записа
Контролно поле 46648
003 - Код на организацията, давaща контролен номер
Контролно поле BLK
005 - Дата и час на последна редакция
Контролно поле 20250128005519.0
008 - Елементи от данни с фиксирана дължина
fixed length control field 180408b bul|||||r ||||||| ||bul||
010 ## - Наследен системен номер
LC control number KNG00050454000
040 ## - Източник на каталожния запис
Идентификатор на билиотеката - собственик на записа BLK
041 ## - Код за език
Код за езика на текст/звукозапис или на отделно заглавие Български
Код за езика КДБФ Български
080 ## - УДК
Текстов определител УДК Вътрешна политика. Вж и 329
УДК код - определител по УДК 323
УДК определител (497.2)
УДК - код + определител 323(497.2)
080 ## - УДК
Текстов определител УДК Политически партии и движения
УДК код - определител по УДК 329
УДК определител (497.2)
УДК - код + определител 329(497.2)
080 ## - УДК
Текстов определител УДК Синдикати
УДК код - определител по УДК 334.754
УДК определител (091)(497.2)
УДК - код + определител 334.754(091)(497.2)
100 1# - Редна дума - Автор
Автор Димитров, Георги
Авторска отговорност първи автор
Автор - информация (биография) Иванов, Георги Димитров
R(LIN) 364031
139 ## - Редно поле
Редна дума Димитров, Георги
Авторски знак Дими - Д 58
245 10 - Сведения за заглавието
Заглавие Съчинения
Подзаглавни данни Т. 1-14
Редно поле (дума) Георги Димитров; * Георги Димитров Михайлов.
Том Т. 5.
Заглавие на том Ян. 1918 - дек. 1920
257 ## - Страна на издаване
Страна на създаване/издаване България
260 ## - Област на издателските данни
Име на издателя, разпространителя и проч. БКП
Година на издаване 1951-1955
Място на издаване, разпространение и проч. София
300 ## - Физическа характеристика
Размери/Мащаб 21 см
Страници II, 656 с. с факс., 3 л. прил.
380 ## - Жанр
Жанр Обществени науки
650 #0 - Допълнително описание по предмет – тема
Основно описание – тема или топоним Вътрешна политика - България
9 (RLIN) 249071
650 #4 - Допълнително описание по предмет – тема
Основно описание – тема или топоним Синдикална дейност - България - история
9 (RLIN) 255693
651 #4 - Допълнително описание по предмет - топоним
Географско понятие България
9 (RLIN) 241624
653 ## - Ключова дума – ненормативна
Ключова дума вътрешна политика
653 ## - Ключова дума – ненормативна
Ключова дума БКП
653 ## - Ключова дума – ненормативна
Ключова дума социалдемократически партии
653 ## - Ключова дума – ненормативна
Ключова дума синдикати
653 ## - Ключова дума – ненормативна
Ключова дума България
700 1# - Други автори (авторска отговорност)
Лично име Михайлов, Георги Димитров
Автороска отговорност (Описва отношението между автора и произведението) *
9 (RLIN) 279944
760 1# - Описание на основната серия
Редна дума на основното описание Димитров, Георги
Място на издаване, издател и година 1952
Страници - том II, 656 с. с факс., 3 л. прил.
Забележка - том Съдържа Биографични дати.
Заглавие Т. 5. Ян. 1918 - дек. 1920
852 ## - Местоположение
Форматна сигнатура Цб 3983
Фондова буква Хранилище
942 ## - АРТИКУЛИ
Вид на библиотечния материал Книги
Скрит в OPAC Не
Периодичен библиозапис Да
944 ## - СЪЗДАВАНЕ И РЕДАКЦИЯ на ЗАПИСА
Създаване/Редакция Създаване
Дата на регистрацията/редакция 27.02.2016
Служител, извършил регистрацията/редакцията
Статус, дата на статуса CRON CRON
944 ## - СЪЗДАВАНЕ И РЕДАКЦИЯ на ЗАПИСА
Създаване/Редакция Редакция
Дата на регистрацията/редакция 2021-09-24
Служител, извършил регистрацията/редакцията Ренета Константинова
999 ## - СИСТЕМНИ КОНТРОЛНИ НОМЕРА
Koha biblionumber 46648
Koha biblioitemnumber 46648
999 ## - СИСТЕМНИ КОНТРОЛНИ НОМЕРА
Koha biblioitemnumber 46648
Наличности
Код за отписване Код за изгубен артикул Източник на класификационната схема Код за повреда Коз за рестрикции Код за отдаване Артикулен № Име на библиотеката - собственик Име на библиотеката, в която се намира в момента Статус (Текущо местоположение) Дата на вписване в системата Местоположение - отдел Цена в лева Инвентарен номер Систематично азбучна сигнатура Баркод Номер на екземпляра Цена в евро Служебна бележка Служебен тип на артикула
  Не е изгубен Universal Decimal Classification Не е повреден само за читалня ползва се в читалня 73545 Регионална библиотека "Любен Каравелов" Русе Регионална библиотека "Любен Каравелов" Русе Хранилище 1952-01-01 Основен фонд - ползва се само за читалня 0.64 459758 Цб 3983 120000459758 1 0.33 Вид: Сф N: стар фонд Дата: 01.01.1952 Книги
Vip Innovations Ltd, Rousse, Bulgaria 2025